Manchester United Squad 24/25 - Statistics

General Stats
  • This quiz has been taken 237 times
    100 since last reset
  • The average score is 20 of 26
Answer Stats
# Nation Former Club Answer % Correct
8 Portugal Sporting Bruno Fernandes
94%
5 England Leicester City Harry Maguire
92%
4 Netherlands Bayern Matthijs de Ligt
92%
2 Sweden Benfica Victor Lindelof
92%
6 Argentina Ajax Lisandro Martinez
90%
9 Denmark Atalanta Rasmus Hojlund
90%
14 Denmark Brentford Christian Eriksen
89%
24 Cameroon Inter Andre Onana
87%
7 England Chelsea Mason Mount
87%
17 Argentina Youth Alejandro Garnacho
86%
18 Brazil Real Madrid Casemiro
86%
16 Ivory Coast Atalanta Amad Diallo
84%
20 Portugal FC Porto Diogo Dalot
82%
11 Netherlands Bologna Joshua Zirkzee
82%
15 France Lille Leny Yoro
81%
25 Uruguay PSG Manuel Ugarte
81%
1 Turkey Fenerbahce Altay Bayindir
80%
10 England Youth Marcus Rashford
78%
3 Morocco Bayern Noussair Mazraoui
77%
37 England Youth Kobbie Mainoo
75%
13 Denmark Lecce Patrick Dorgu
72%
23 England Southampton Luke Shaw
63%
35 Northern Ireland Leicester City Jonny Evans
62%
26 England Arsenal Ayden Heaven
43%
22 England Aston Villa Tom Heaton
41%
44 England Youth Daniel Gore
15%
No matching quizzes found
Score Distribution
Percent of People with Each Score
Percentile by Number Answered
Your Score History
You have not taken this quiz since the last reset